| 000 | 01090nam a2200277 i 4500 | ||
|---|---|---|---|
| 001 | 186060 | ||
| 003 | ES-MaACL | ||
| 005 | 20251222205648.0 | ||
| 008 | 160906s1963 sp |||| |cspa d | ||
| 100 | 1 |
_aWaggoner, Hyatt Howe. _9160738 |
|
| 245 | 1 | 0 |
_aNathaniel Hawthorne / _c[por Hyat H. Waggoner] . _bJohn dos Passos / [por Robert Gorham Davis] . F. Scott Fitzgerald / [por Charles E. Shain] ; [traducción Ángela Figueroa]. |
| 260 |
_aMadrid : _bGredos, _c1963. |
||
| 300 |
_a165 p. ; _c20 cm. |
||
| 490 | 1 |
_aTres escritores norteamericanos ; _v5 |
|
| 600 | 1 | 4 |
_aHawthorne, Nathaniel. _962176 |
| 600 | 0 | 4 |
_aDos Passos, John, _d1896-1970 _945444 |
| 600 | 1 | 4 |
_aFitzgerald, F. Scott, _d1896-1940 _9242640 |
| 650 | 4 |
_aLiteratura norteamericana- _xHistoria y crítica. _914643 |
|
| 700 | 1 |
_aDavis, Robert Gorham. _9160739 |
|
| 700 | 1 |
_aShain, Charles E. _9160740 |
|
| 700 | 0 |
_aFiguera Aymerich, Angela, _d1902-1984 _950755 |
|
| 830 | 1 |
_aTres escritores norteamericanos ; _v5 _9192479 |
|
| 852 |
_aES-MaACL _jE-4854 |
||
| 852 |
_aES-MaACL _jE-5542 |
||
| 999 |
_c186060 _d186060 |
||